000 00365nam a2200157Ia 4500
008 151213s9999 xx 000 0 und d
100 _aBernard Show
245 _aPlay Pleasanter
_cBernard Show
250 _a1st
260 _aLondon
_bPenguing Boods
_c1893
300 _a4559 p.
650 _aEnglish
650 _aPlay
700 _aBernard Show
999 _c2933
_d2933